| 000 | 00539nam a2200181Ia 4500 | ||
|---|---|---|---|
| 003 | GCL | ||
| 008 | 140319s9999 xx 000 0 ara d | ||
| 040 |
_aGCL / _cGCL |
||
| 082 | 0 | 4 |
_a526.86 _bن ا |
| 100 | 1 | _aخالد بن ابراهيم التركى | |
| 245 | 1 | 0 |
_aاساسيات الخرائط الجيولوجية / _cخالد بن ابراهيم التركى |
| 700 | 1 | _aنعيم احمد شعت | |
| 300 | _a185 ص | ||
| 490 | _a | ||
| 650 | 0 | 4 | _aالخرائط |
| 650 | 0 | 4 | _aالجيولوجيا - خرائط |
| 942 |
_2ddc _cBK |
||
| 999 |
_c41408 _d41408 |
||